|
|
|
|
| LEADER |
00000nab a2200000 a 4500 |
| 001 |
vtls000893702 |
| 003 |
SK-MaSNL |
| 005 |
20260302175533.0 |
| 008 |
040720e19951103xo 0 slo |
| 035 |
|
|
|a KE2736
|
| 040 |
|
|
|a KEVKJB
|b slo
|c KEVKJB
|e AACR2
|
| 041 |
0 |
|
|a slo
|
| 044 |
|
|
|a xo
|c SK
|
| 080 |
|
|
|a 615.015.32
|2 1981
|
| 100 |
1 |
|
|a Bednářová, Katarína
|4 aut
|9 467882
|
| 245 |
1 |
0 |
|a Keď sa podobné lieči podobným
|b Homeopatia - mágia alebo skutočnosť ?
|
| 610 |
2 |
7 |
|a Aralia, Košice (centrum zdravotnícke prvé súkromné)
|2 KEVKJB
|9 878530
|
| 650 |
0 |
7 |
|a homeopatia
|2 KEVKJB
|9 1144
|
| 650 |
0 |
7 |
|a metódy liečebné
|2 KEVKJB
|9 881189
|
| 650 |
0 |
7 |
|a reportáže
|2 KEVKJB
|9 75670
|
| 651 |
|
7 |
|a Košice (Slovensko)
|2 KEVKJB
|9 18694
|
| 651 |
|
7 |
|a KE,
|2 KEVKJB
|9 877256
|
| 651 |
|
7 |
|a KE,
|2 KEVKJB
|9 877256
|
| 655 |
|
7 |
|a periodikum
|2 snkbucl
|9 29553
|
| 710 |
2 |
|
|a Aralia, Košice (centrum zdravotnícke prvé súkromné)
|4 aut
|9 878530
|
| 773 |
0 |
8 |
|t Košický večer
|g Roč. 6
|g Roč. 28, č.211, 3.11.1995, s. 7
|
| 852 |
|
|
|a ZVYKNI
|b KIS3GCP
|
| 999 |
|
|
|c 1407430
|d 1409360
|